| 000 | 01172nam a2200337 i 4500 | ||
|---|---|---|---|
| 001 | 000035976 | ||
| 003 | DO-SdBNP | ||
| 005 | 20240123084907.0 | ||
| 007 | ta | ||
| 008 | 111121s2006 dr a 001 0 spa d | ||
| 040 |
_aDO-SdBNP _bspa _cBNPHU _erda |
||
| 041 | 0 | 7 |
_aspa _aeng _2MARC |
| 082 | 4 |
_a759.928 _bP438s _222 |
|
| 245 | 0 | 0 |
_aSur- el sur : _bPérez Celis / _ctextos Jorge J. A. Roballo, María Elena Ditrén, Marianne Tolentino. |
| 264 |
_aSanto Domingo : _bMuseo de Arte Moderno, _c2006. |
||
| 300 |
_a53 páginas : _bilustraciones ; _c30 cm. |
||
| 336 |
_2rdaconten _atexto _btxt |
||
| 337 |
_2rdamedia _asin mediación _bn |
||
| 338 |
_2rdacarrier _avolumen _bnc |
||
| 546 | _aEpañol, Inglés | ||
| 590 | _aInventariado, 2018/LP | ||
| 600 | 0 | 4 |
_aPérez Celis _x1939-2008 _xExposiciones _962000 |
| 650 | 4 |
_aPintores argentinos _xExposiciones _962001 |
|
| 650 | 4 |
_aPintura argentina _xExposiciones _962002 |
|
| 650 | 4 |
_aArte argentino _xExposiciones _962003 |
|
| 700 | 1 |
_aRoballo, Jorge J. A. _962004 |
|
| 700 | 1 |
_aDitrén, María Elena Ditrén _962005 |
|
| 700 | 1 |
_aTolentino, Marianne _962006 |
|
| 910 | _aValidado. Control de calidad EMS | ||
| 942 |
_2ddc _cLBS1 |
||
| 999 |
_c35467 _d35467 |
||